Iskusstvo Šri Lanka : drevnij i srednevekovyj period /

Hlavní autor: Tjuljajev, Semen Ivanovič
Další autoři: Bongard-Levin, Grigorij Maksimovič, 1933-2008
Jazyk: Ruština
Vydáno: Moskva : Iskusstvo, 1974
Edice: Očerki istorii i teorii izobrazitel‘nych iskusstv
Fyzický popis: 205 s. : il.
Knihy
Uloženo v:
LEADER 00953nam a22002532a 4500
001 000913383
003 CZ BrMZK
005 20090414134515.0
007 ta
008 080922s1974 ru a er|||||||||||rus d
040 |a ABA001  |b cze  |c ABA001  |d ABA001 
080 9 |a 72/75(548.7)(091:084.1)=82 
100 1 |a Tjuljajev, Semen Ivanovič  |4 aut 
245 1 0 |a Iskusstvo Šri Lanka :  |b drevnij i srednevekovyj period /  |c Semen Ivanovič Tjuljajev, Grigorij Maksimevič Bongard-Levin 
260 |a Moskva :  |b Iskusstvo,  |c 1974 
300 |a 205 s. :  |b il. 
490 1 |a Očerki istorii i teorii izobrazitel'nych iskusstv 
504 |a Obsahuje bibliografii 
700 1 |a Bongard-Levin, Grigorij Maksimovič,  |d 1933-2008  |7 jn19981000305  |4 aut 
830 0 |a Očerki istorii i teorii izobrazitel‘nych iskusstv 
910 |a BOA001  |b 1-0726.462 
990 |a BK 
991 |b 200809 
996 7 |b 2619511174  |c 1-0726.462  |l MZK  |r Sklad / do 1 hodiny  |n 0  |w 000913383  |u 000010  |a 1  |e BOA001  |j MZK50  |s A